000 00456nam a2200121Ia 4500
008 220620s9999||||xx |||||||||||||| ||und||
100 _aMeral Huri
245 0 _aOccupational Therapy - Therapeutic and Creative Use of Activity
546 _aEnglish[eng]
650 _aMedicine||Occupational Therapy||Physical Therapy||Health Sciences
856 _uhttps://www.intechopen.com/books/occupational-therapy-therapeutic-and-creative-use-of-activity
942 _cEB
999 _c33500
_d33500